Panda-monium! / (Record no. 6386)
[ view plain ]
| 000 -LEADER | |
|---|---|
| fixed length control field | 01391cam a22004097a 4500 |
| 001 - CONTROL NUMBER | |
| control field | 6386 |
| 003 - CONTROL NUMBER IDENTIFIER | |
| control field | FISKH |
| 005 - DATE AND TIME OF LATEST TRANSACTION | |
| control field | 20250826091436.0 |
| 008 - FIXED-LENGTH DATA ELEMENTS--GENERAL INFORMATION | |
| fixed length control field | 111028r20112009ctua j 000 1 eng d |
| 010 ## - LIBRARY OF CONGRESS CONTROL NUMBER | |
| LC control number | 2011284891 |
| 020 ## - INTERNATIONAL STANDARD BOOK NUMBER | |
| International Standard Book Number | 9781589250932 (hbk.) |
| 020 ## - INTERNATIONAL STANDARD BOOK NUMBER | |
| International Standard Book Number | 9781589254251 |
| 020 ## - INTERNATIONAL STANDARD BOOK NUMBER | |
| International Standard Book Number | 1589250931 (hbk.) |
| 020 ## - INTERNATIONAL STANDARD BOOK NUMBER | |
| International Standard Book Number | 9781589254251 (pbk.) |
| 020 ## - INTERNATIONAL STANDARD BOOK NUMBER | |
| International Standard Book Number | 1589254252 (pbk.) |
| 040 ## - CATALOGING SOURCE | |
| Original cataloging agency | BTCTA |
| Language of cataloging | eng |
| Transcribing agency | BTCTA |
| Modifying agency | ON8 |
| -- | BKX |
| -- | YDXCP |
| -- | DLC |
| 050 ## - LIBRARY OF CONGRESS CALL NUMBER | |
| Classification number | PZ7.P7124 P |
| 082 ## - DEWEY DECIMAL CLASSIFICATION NUMBER | |
| Classification number | 108 |
| 100 1# - MAIN ENTRY--PERSONAL NAME | |
| Personal name | Platt, Cynthia. |
| 240 10 - UNIFORM TITLE | |
| Uniform title | Beckett and the panda-monium |
| 245 10 - TITLE STATEMENT | |
| Title | Panda-monium! / |
| Statement of responsibility, etc. | by Cynthia Platt ; illustrated by Veronica Vasylenko. |
| 250 ## - EDITION STATEMENT | |
| Edition statement | This edition published in 2011 |
| 260 ## - PUBLICATION, DISTRIBUTION, ETC. | |
| Place of publication, distribution, etc. | Wilton : |
| Name of publisher, distributor, etc. | Tiger Tales, |
| Date of publication, distribution, etc. | 2009 |
| 300 ## - PHYSICAL DESCRIPTION | |
| Extent | 26 unnumbered pages : |
| Other physical details | color illustrations ; |
| Dimensions | 23 x 27 cm. |
| 505 ## - FORMATTED CONTENTS NOTE | |
| Formatted contents note | P |
| 520 ## - SUMMARY, ETC. | |
| Summary, etc. | Beckett the Panda bear sets out to find some crunchy munchy bamboo. Along the way he is joined by many other Panda bears to help him search. This leads to Panda-monium. |
| 521 8# - TARGET AUDIENCE NOTE | |
| Target audience note | 640<br/> |
| Source | Lexile AD<br/> |
| 521 8# - TARGET AUDIENCE NOTE | |
| Target audience note | P<br/> |
| Source | Raz-Plus<br/> |
| 650 #0 - SUBJECT ADDED ENTRY--TOPICAL TERM | |
| Topical term or geographic name entry element | Pandas |
| Form subdivision | Juvenile fiction. |
| 650 #1 - SUBJECT ADDED ENTRY--TOPICAL TERM | |
| Topical term or geographic name entry element | Pandas |
| Form subdivision | Fiction. |
| 650 #7 - SUBJECT ADDED ENTRY--TOPICAL TERM | |
| Topical term or geographic name entry element | Pandas |
| Form subdivision | Fiction. |
| Source of heading or term | sears |
| 650 #7 - SUBJECT ADDED ENTRY--TOPICAL TERM | |
| Topical term or geographic name entry element | Bamboo |
| Form subdivision | Fiction. |
| Source of heading or term | sears |
| 700 1# - ADDED ENTRY--PERSONAL NAME | |
| Personal name | Vasylenko, Veronica, |
| Relator term | illustrator |
| 906 ## - LOCAL DATA ELEMENT F, LDF (RLIN) | |
| a | 7 |
| b | cbc |
| c | copycat |
| d | 2 |
| e | ncip |
| f | 20 |
| g | y-gencatlg |
| 942 ## - ADDED ENTRY ELEMENTS (KOHA) | |
| Source of classification or shelving scheme | Dewey Decimal Classification |
| Koha item type | Books |
| Suppress in OPAC | No |
| Withdrawn status | Lost status | Source of classification or shelving scheme | Damaged status | Not for loan | Collection | Home library | Current library | Shelving location | Date acquired | Total Checkouts | Full call number | Barcode | Date last seen | Copy number | Price effective from | Koha item type |
|---|---|---|---|---|---|---|---|---|---|---|---|---|---|---|---|---|
| Dewey Decimal Classification | Juvenile Fiction | Footprints International School Library Network Toul Kork Campus | Footprints International School Library Network Toul Kork Campus | TK Primary Library Room(4th Floor), Bookcase 3&4, Shelves 17-32, Yellow Books | 04/28/2025 | PLA 108 PZ7.P7124 P | 2025-1134 | 04/28/2025 | 1 | 04/28/2025 | Books | |||||
| Dewey Decimal Classification | Juvenile Fiction | Footprints International School Library Network Toul Tom Poung Campus | Footprints International School Library Network Toul Tom Poung Campus | TTP Primary Yellow Bookshelves | 08/26/2025 | PLA 108 PZ7.P7124 P | FIS02751 | 08/26/2025 | 2 | 08/26/2025 | Books |
